000 00423nam a2200181Ia 4500
003 GCL
008 140319s9999 xx 000 0 eng d
040 _aGCL /
_cGCL
082 0 4 _a843
_bC C
100 1 _aCOLETTE
245 1 0 _aCHERIR /
_cCOLETTE
260 _a[S.N] :
_bFAYARD ،
_c1994
300 _a190 P
490 _aLE LIVRE DE POCHE
_v0
650 0 4 _aLITERATURE
650 0 4 _aFRENCH LITERATURE
942 _2ddc
_cBK
999 _c23085
_d23085